[Event "Titled Tuesday intern op 25th Feb Early"]
[Site "Chess.com INT"]
[Date "2025.02.25"]
[Round "2"]
[White "Landivar, Matias"]
[Black "Abrahams, Daniel"]
[Result "0-1"]
[WhiteElo "2014"]
[BlackElo "2089"]
[PlyCount "104"]
[EventDate "2025.02.25"]
[EventType "swiss (blitz)"]
[EventRounds "11"]
[EventCountry "USA"]
[SourceTitle "CB10_2025"]
[SourceDate "2025.03.05"]
[SourceVersion "1"]
[SourceVersionDate "2025.03.05"]
[SourceQuality "1"]

1. d4 Nf6 2. Nf3 e6 3. Bg5 c5 4. c3 b6 5. e3 Bb7 6. Nbd2 Be7 7. Bd3 d6 8. Qb1 Nbd7 9. 0-0 0-0 10. a4 a6 11. Rd1 Re8 12. b4 h6 13. Bh4 Nd5 14. Bxe7 Qxe7 15. Qb3 cxb4 16. cxb4 Rec8 17. b5 a5 18. Rac1 Nb4 19. Bb1 Bd5 20. Qb2 e5 21. e4 Bb7 22. d5 Nc5 23. Qa3 Rc7 24. Nc4 Nd7 25. Ne3 Rac8 26. Rxc7 Rxc7 27. Nf5 Qf8 28. h3 g6 29. Ne3 Kg7 30. Nd2 Qc8 31. Qb2 Rc3 32. Ng4 h5 33. Nh2 Qc5 34. Nb3 Qc4 35. f4 f6 36. fxe5 Qxb3 37. Qxb3 Rxb3 38. e6 Nc5 39. Nf3 Nxa4 40. Nd4 Rb2 41. Nc6 Nc3 42. Re1 Rxb1 43. Rxb1 Nxb1 44. Nd8 Bc8 45. Nf7 Nc3 46. Nxd6 a4 47. Nxc8 Ncxd5 48. e7 Nxe7 49. Nxe7 a3 50. Nd5 Nxd5 51. exd5 a2 52. d6 a1Q+ 0-1

[Event "Titled Tuesday intern op 25th Feb Early"]
[Site "Chess.com INT"]
[Date "2025.02.25"]
[Round "10"]
[White "Pavlov, Nikolay1"]
[Black "Abrahams, Daniel"]
[Result "0-1"]
[WhiteElo "2316"]
[BlackElo "2089"]
[PlyCount "72"]
[EventDate "2025.02.25"]
[EventType "swiss (blitz)"]
[EventRounds "11"]
[EventCountry "USA"]
[SourceTitle "CB10_2025"]
[SourceDate "2025.03.05"]
[SourceVersion "1"]
[SourceVersionDate "2025.03.05"]
[SourceQuality "1"]

1. e4 e5 2. Nf3 Nc6 3. Bb5 a6 4. Ba4 Bc5 5. c3 Nge7 6. 0-0 Ba7 7. d4 Ng6 8. d5 b5 9. Bc2 Nce7 10. h4 h5 11. g3 d6 12. Nh2 Bh3 13. Re1 Qd7 14. a4 f6 15. Bd3 Kf7 16. Be2 bxa4 17. Bxh5 Bb6 18. Bg4 Bxg4 19. Qxg4 Qb5 20. Qe2 f5 21. c4 Qd7 22. Nf3 f4 23. Ng5+ Kg8 24. Kg2 Rf8 25. Rf1 Nxh4+ 26. gxh4 Rxh4 27. Qf3 Rg4+ 28. Kh2 Rxg5 29. Rg1 Rxg1 30. Kxg1 Rf6 31. Nc3 Ng6 32. Qh5 Nh8 33. Kf1 Nf7 34. Bd2 Rh6 35. Qe2 Rh1+ 36. Kg2 Qh3# 0-1

[Event "Titled Tuesday intern op 25th Feb Early"]
[Site "Chess.com INT"]
[Date "2025.02.25"]
[Round "7"]
[White "Vasques, Antonio Pedro Freix"]
[Black "Abrahams, Daniel"]
[Result "0-1"]
[WhiteElo "2246"]
[BlackElo "2089"]
[PlyCount "32"]
[EventDate "2025.02.25"]
[EventType "swiss (blitz)"]
[EventRounds "11"]
[EventCountry "USA"]
[SourceTitle "CB10_2025"]
[SourceDate "2025.03.05"]
[SourceVersion "1"]
[SourceVersionDate "2025.03.05"]
[SourceQuality "1"]

1. e4 e5 2. Nf3 Nc6 3. Bc4 Nf6 4. d3 h6 5. 0-0 d6 6. a4 g6 7. c3 Bg7 8. b4 0-0 9. h3 d5 10. exd5 Nxd5 11. Qb3 Nb6 12. Nbd2 Nxc4 13. Nxc4 Be6 14. Rd1 Qd5 15. Be3 Rad8 16. Qc2 e4 0-1

[Event "Hastings Masters op 98th"]
[Site "Hastings"]
[Date "2025.01.01"]
[Round "7"]
[White "Abrahams, Daniel"]
[Black "Bozinakis, Pavlos"]
[Result "0-1"]
[WhiteElo "2071"]
[BlackElo "2271"]
[PlyCount "104"]
[EventDate "2024.12.28"]
[EventType "swiss"]
[EventRounds "9"]
[EventCountry "ENG"]
[SourceTitle "CB02_2025"]
[SourceDate "2025.01.08"]
[SourceVersion "1"]
[SourceVersionDate "2025.01.08"]
[SourceQuality "1"]

1. d4 Nf6 2. c4 e6 3. Nc3 Bb4 4. Qc2 0-0 5. a3 Bxc3+ 6. Qxc3 d5 7. Nf3 dxc4 8. Qxc4 b6 9. Bg5 Bb7 10. e3 Nbd7 11. Be2 h6 12. Bxf6 Nxf6 13. 0-0 Rc8 14. b4 Qd6 15. h3 c5 16. dxc5 bxc5 17. Rfd1 Bd5 18. Qh4 Rfd8 19. Bc4 Qb6 20. Bxd5 Rxd5 21. Rxd5 Nxd5 22. Rc1 a5 23. Rxc5 Rxc5 24. bxc5 Qxc5 25. Qa4 Nc3 26. Qe8+ Qf8 27. Qxf8+ Kxf8 28. Ne5 a4 29. Kf1 Ke7 30. Nc4 Kd7 31. Ke1 Kc6 32. Kd2 Ne4+ 33. Kd3 Nxf2+ 34. Kd4 f6 35. e4 e5+ 36. Ke3 Nd1+ 37. Kd3 Kc5 38. Nd2 h5 39. h4 g6 40. g3 Kb5 41. Nb1 f5 42. Kc2 Ne3+ 43. Kd3 Nf1 44. Nc3+ Kc6 45. Nxa4 Nxg3 46. Nc3 fxe4+ 47. Nxe4 Nf5 48. Nf6 Nxh4 49. Ke4 Kd6 50. a4 Nf5 51. a5 Ke6 52. Ne8 Nd6+ 0-1

[Event "Titled Tuesday intern op 18th Jun Late"]
[Site "Chess.com INT"]
[Date "2024.06.18"]
[Round "1"]
[White "Abrahams, Daniel"]
[Black "Holt, Conrad"]
[Result "0-1"]
[WhiteElo "2153"]
[BlackElo "2540"]
[PlyCount "114"]
[EventDate "2024.06.18"]
[EventType "swiss (blitz)"]
[EventRounds "11"]
[EventCountry "USA"]
[SourceTitle "EXT 2025"]
[Source "ChessBase"]
[SourceDate "2024.10.14"]
[SourceVersion "1"]
[SourceVersionDate "2024.10.14"]
[SourceQuality "1"]

1. c4 c6 2. Nc3 d5 3. cxd5 cxd5 4. d4 Bf5 5. Bf4 e6 6. e3 Nc6 7. Nf3 Bd6 8. Bxd6 Qxd6 9. Qb3 Nge7 10. Be2 0-0 11. 0-0 Bg4 12. h3 Bxf3 13. Bxf3 Na5 14. Qc2 Rac8 15. Rac1 Qb4 16. Qe2 Rfd8 17. Rfd1 Rc4 18. Qd2 Rdc8 19. Be2 R4c6 20. Bd3 Nc4 21. Bxc4 Rxc4 22. Qc2 g6 23. Qb3 Qxb3 24. axb3 Rb4 25. Na4 Rxb3 26. Rxc8+ Nxc8 27. Rc1 Nd6 28. Rc7 Rb4 29. Nc5 Rxb2 30. Rd7 Ne4 31. Nxb7 Rb1+ 32. Kh2 Nxf2 33. Nd6 Rh1+ 34. Kg3 Rf1 35. Rxa7 h5 36. h4 Ng4 37. Ra3 Kg7 38. Rd3 f5 39. Ra3 Nxe3 40. Ra7+ Kf8 41. Rf7+ Kg8 42. Rf6 Kg7 43. Rf7+ Kh6 44. Rf6 Ng4 45. Rf8 e5 46. dxe5 Nxe5 47. Kh3 Kg7 48. Re8 f4 49. g3 f3 50. g4 Nxg4 51. Kg3 f2 52. Re7+ Kg8 53. Re8+ Kg7 54. Re7+ Kf6 55. Rf7+ Ke6 56. Rxf2 Rxf2 57. Ne4 dxe4 0-1

[Event "Montreal Maplewood Cup"]
[Site "Montreal"]
[Date "2024.06.01"]
[Round "2"]
[White "Abrahams, Daniel"]
[Black "Jacquet, Stephane"]
[Result "1-0"]
[WhiteElo "2153"]
[BlackElo "1907"]
[PlyCount "65"]
[EventDate "2024.05.31"]
[EventType "swiss"]
[EventRounds "6"]
[EventCountry "CAN"]
[SourceTitle "CBM 220 Extra"]
[Source "ChessBase"]
[SourceDate "2024.07.31"]
[SourceVersion "1"]
[SourceVersionDate "2024.07.31"]
[SourceQuality "1"]

1. c4 Nf6 2. Nf3 g6 3. g3 Bg7 4. Bg2 0-0 5. 0-0 d6 6. d4 Nc6 7. Nc3 e5 8. d5 Nb8 9. e4 a5 10. Rb1 Na6 11. Re1 Nc5 12. b3 Nfd7 13. a3 f5 14. b4 axb4 15. axb4 Nxe4 16. Nxe4 fxe4 17. Ng5 Nf6 18. Nxe4 Bg4 19. Qb3 Nxe4 20. Bxe4 Qf6 21. Be3 Bh6 22. Ra1 Bxe3 23. Qxe3 Bf5 24. Bg2 Rxa1 25. Rxa1 e4 26. Ra2 Qe5 27. h3 h5 28. Ra7 Rb8 29. Bf1 Kg7 30. b5 Qb2 31. c5 Qb1 32. Qc3+ Kh6 33. Ra1 1-0

[Event "Titled Tuesday intern op 14th May Late"]
[Site "Chess.com INT"]
[Date "2024.05.14"]
[Round "9"]
[White "Abrahams, Daniel"]
[Black "Amura, Claudia Noemi"]
[Result "1-0"]
[WhiteElo "2151"]
[BlackElo "2169"]
[PlyCount "51"]
[EventDate "2024.05.14"]
[EventType "swiss (blitz)"]
[EventRounds "11"]
[EventCountry "USA"]
[SourceTitle "CBM 220 Extra"]
[Source "ChessBase"]
[SourceDate "2024.07.31"]
[SourceVersion "1"]
[SourceVersionDate "2024.07.31"]
[SourceQuality "1"]

1. c4 e6 2. Nc3 d5 3. cxd5 exd5 4. d4 Be7 5. Bf4 c6 6. e3 Bf5 7. Nge2 Nf6 8. Ng3 Bg6 9. h4 h5 10. Bd3 Bxd3 11. Qxd3 g6 12. f3 Na6 13. 0-0-0 Nb4 14. Qe2 0-0 15. a3 Na6 16. e4 Nc7 17. Be5 Ne6 18. f4 Nxe4 19. Ncxe4 dxe4 20. f5 Ng7 21. fxg6 fxg6 22. Qxe4 Nf5 23. Nxf5 Rxf5 24. g4 Bg5+ 25. Kb1 hxg4 26. hxg5 1-0

[Event "Titled Tuesday intern op 14th May Early"]
[Site "Chess.com INT"]
[Date "2024.05.14"]
[Round "5"]
[White "Abrahams, Daniel"]
[Black "Biernacki, Mark"]
[Result "1-0"]
[WhiteElo "2151"]
[BlackElo "1989"]
[PlyCount "37"]
[EventDate "2024.05.14"]
[EventType "swiss (blitz)"]
[EventRounds "11"]
[EventCountry "USA"]
[SourceTitle "EXT 2025"]
[Source "ChessBase"]
[SourceDate "2024.10.14"]
[SourceVersion "1"]
[SourceVersionDate "2024.10.14"]
[SourceQuality "1"]

1. e4 c6 2. d4 d5 3. Nc3 dxe4 4. Nxe4 Nf6 5. Ng3 g6 6. h4 Bg7 7. h5 Bg4 8. Be2 Bxe2 9. N1xe2 Nxh5 10. Nxh5 gxh5 11. Rxh5 Nd7 12. Bh6 Bxh6 13. Rxh6 Nf6 14. Qd3 Qa5+ 15. c3 0-0-0 16. Qh3+ Kb8 17. Qe3 Rhe8 18. Qe5+ Rd6 19. Qxa5 1-0

[Event "Titled Tuesday intern op 14th May Early"]
[Site "Chess.com INT"]
[Date "2024.05.14"]
[Round "8"]
[White "Abrahams, Daniel"]
[Black "Rom, Jasper B"]
[Result "1-0"]
[WhiteElo "2151"]
[BlackElo "2180"]
[PlyCount "117"]
[EventDate "2024.05.14"]
[EventType "swiss (blitz)"]
[EventRounds "11"]
[EventCountry "USA"]
[SourceTitle "EXT 2025"]
[Source "ChessBase"]
[SourceDate "2024.10.14"]
[SourceVersion "1"]
[SourceVersionDate "2024.10.14"]
[SourceQuality "1"]

1. c4 e6 2. Nc3 d5 3. cxd5 exd5 4. d4 c6 5. Bf4 Bd6 6. Bxd6 Qxd6 7. Qb3 Qe7 8. e3 Nf6 9. Bd3 0-0 10. Nf3 Nbd7 11. 0-0 Re8 12. Qc2 Nf8 13. Rab1 Ng6 14. b4 b5 15. a4 a6 16. Ne2 Bd7 17. a5 Rac8 18. Bxg6 hxg6 19. Ne5 Ne4 20. Nf4 Nd6 21. Nfd3 Nc4 22. Nxd7 Qxd7 23. Nc5 Qa7 24. Rbe1 f5 25. Qd3 Re7 26. f3 Rce8 27. e4 Nb2 28. Qb1 Nc4 29. Qd3 Nb2 30. Qc2 Nc4 31. e5 Ra8 32. g4 Rf8 33. Rf2 Ree8 34. Kh1 Ra8 35. Rg1 Qf7 36. Qd3 f4 37. g5 Qf5 38. Rg4 Ne3 39. Qxf5 Rxf5 40. Rg1 Kf7 41. h4 Ke7 42. Kh2 Rff8 43. Kh3 Rh8 44. Rg4 Nxg4 45. Kxg4 Rhf8 46. Rh2 Kf7 47. h5 gxh5+ 48. Rxh5 Kg6 49. Rh1 Rfe8 50. Kxf4 Rf8+ 51. Kg4 Rfe8 52. f4 Rf8 53. Ne6 Rf7 54. Rf1 Re8 55. f5+ Rxf5 56. Rxf5 Rxe6 57. Rf8 Re7 58. Rd8 Rf7 59. Rd6+ 1-0

[Event "Titled Tuesday intern op 14th May Late"]
[Site "Chess.com INT"]
[Date "2024.05.14"]
[Round "3"]
[White "Liu, Zachary Hankun"]
[Black "Abrahams, Daniel"]
[Result "1-0"]
[WhiteElo "1947"]
[BlackElo "2151"]
[PlyCount "97"]
[EventDate "2024.05.14"]
[EventType "swiss (blitz)"]
[EventRounds "11"]
[EventCountry "USA"]
[SourceTitle "CBM 220 Extra"]
[Source "ChessBase"]
[SourceDate "2024.07.31"]
[SourceVersion "1"]
[SourceVersionDate "2024.07.31"]
[SourceQuality "1"]

1. c4 Nf6 2. g3 e6 3. Bg2 d5 4. Nf3 dxc4 5. 0-0 Be7 6. Na3 c3 7. bxc3 0-0 8. Nc2 Nbd7 9. Rb1 Nb6 10. d3 Bd7 11. Be3 Ba4 12. Qd2 Rb8 13. h3 c5 14. Rfc1 Bc6 15. c4 Qc7 16. Qa5 Nfd7 17. Na3 a6 18. Bf4 Bd6 19. Bxd6 Qxd6 20. Rxb6 Nxb6 21. Qxb6 Rfd8 22. Nc2 h6 23. Ne3 f5 24. Qb2 f4 25. gxf4 Qxf4 26. Qe5 Qxe5 27. Nxe5 Bxg2 28. Kxg2 Kf8 29. Kf3 Ke7 30. Rg1 g5 31. h4 Rf8+ 32. Kg2 Rg8 33. h5 Rg7 34. N3g4 Kd6 35. Kf3 b5 36. Ke3 b4 37. Kd2 a5 38. Kc2 a4 39. Rb1 Rf8 40. f3 Rf5 41. Ng6 Rff7 42. Rh1 Rb7 43. Nxh6 b3+ 44. axb3 axb3+ 45. Kb2 Rb4 46. Ng4 Ra7 47. Ra1 Rxa1 48. Kxa1 b2+ 49. Kb1 1-0

[Event "Titled Tuesday intern op 30th Apr Late"]
[Site "Chess.com INT"]
[Date "2024.04.30"]
[Round "4"]
[White "Abrahams, Daniel"]
[Black "Nechitailo, Nikita"]
[Result "1-0"]
[WhiteElo "2166"]
[BlackElo "2248"]
[PlyCount "95"]
[EventDate "2024.04.30"]
[EventType "swiss (blitz)"]
[EventRounds "11"]
[EventCountry "USA"]
[SourceTitle "EXT 2025"]
[Source "ChessBase"]
[SourceDate "2024.10.14"]
[SourceVersion "1"]
[SourceVersionDate "2024.10.14"]
[SourceQuality "1"]

1. e4 c5 2. Nf3 d6 3. d4 cxd4 4. Nxd4 Nf6 5. Nc3 Nc6 6. Be2 g6 7. Be3 Bg7 8. 0-0 0-0 9. Nb3 Be6 10. Bf3 Ne5 11. Re1 Rc8 12. Nd4 Nxf3+ 13. Qxf3 Bg4 14. Qg3 h5 15. f3 Bd7 16. Qf2 a6 17. Rad1 b5 18. a3 Qc7 19. Bg5 Rfe8 20. h3 Nh7 21. Be3 e5 22. Nb3 Be6 23. Rd2 Red8 24. Red1 Bf6 25. Bb6 Qb7 26. Bxd8 Rxd8 27. Nd5 Bxd5 28. Rxd5 Be7 29. Qe2 Nf6 30. R5d2 Qb6+ 31. Kh1 Qc7 32. Rc1 h4 33. c4 Nh5 34. Qe3 Ng3+ 35. Kh2 Rc8 36. Rdc2 bxc4 37. Nd2 Qb7 38. Nxc4 Rb8 39. Na5 Qd7 40. Nc6 Rc8 41. Nxe7+ Qxe7 42. Rxc8+ Kg7 43. Kg1 Qb7 44. b4 Qb5 45. Rh8 Kxh8 46. Qh6+ Kg8 47. Rc8+ Qe8 48. Rxe8# 1-0

[Event "Titled Tuesday intern op 09th Apr Early"]
[Site "Chess.com INT"]
[Date "2024.04.09"]
[Round "5"]
[White "Abrahams, Daniel"]
[Black "Caspi, Israel"]
[Result "0-1"]
[WhiteElo "2166"]
[BlackElo "2468"]
[PlyCount "74"]
[EventDate "2024.04.09"]
[EventType "swiss (blitz)"]
[EventRounds "11"]
[EventCountry "USA"]
[SourceTitle "EXT 2025"]
[Source "ChessBase"]
[SourceDate "2024.10.14"]
[SourceVersion "1"]
[SourceVersionDate "2024.10.14"]
[SourceQuality "1"]

1. c4 e5 2. Nc3 Nf6 3. Nf3 e4 4. Ng5 c6 5. Ncxe4 Nxe4 6. Nxe4 d5 7. cxd5 cxd5 8. Ng3 h5 9. e3 h4 10. Ne2 Nc6 11. d4 Bd6 12. Bd2 Qg5 13. Nc3 0-0 14. Nb5 Bb8 15. h3 Bf5 16. Qf3 Be4 17. Qg4 Qe7 18. Be2 f5 19. Qg6 f4 20. Qg4 fxe3 21. Bxe3 Qb4+ 22. Kf1 Qxb2 23. Rc1 Bg3 24. Kg1 Bxf2+ 25. Bxf2 Qxc1+ 26. Kh2 Qf4+ 27. Qxf4 Rxf4 28. Be3 Rf6 29. Bg4 Re8 30. Nc7 Re7 31. Nb5 Bxg2 32. Re1 Bf3 33. Nc3 Bxg4 34. hxg4 Rd7 35. Bg5 Rg6 36. Bxh4 Rxg4 37. Re8+ Kf7 0-1

[Event "Titled Tuesday intern op 09th Apr Early"]
[Site "Chess.com INT"]
[Date "2024.04.09"]
[Round "2"]
[White "Abrahams, Daniel"]
[Black "Csonka, Balazs"]
[Result "0-1"]
[WhiteElo "2166"]
[BlackElo "2476"]
[PlyCount "96"]
[EventDate "2024.04.09"]
[EventType "swiss (blitz)"]
[EventRounds "11"]
[EventCountry "USA"]
[SourceTitle "EXT 2025"]
[Source "ChessBase"]
[SourceDate "2024.10.14"]
[SourceVersion "1"]
[SourceVersionDate "2024.10.14"]
[SourceQuality "1"]

1. e4 c5 2. Nf3 d6 3. d4 cxd4 4. Nxd4 Nf6 5. Nc3 e5 6. Nb3 Be6 7. Be2 Nc6 8. Bg5 Be7 9. Bxf6 Bxf6 10. Nd5 0-0 11. Nxf6+ Qxf6 12. 0-0 Rad8 13. Bf3 Qg5 14. c3 g6 15. Qd3 Kh8 16. Rad1 f5 17. exf5 gxf5 18. Bd5 Bc8 19. f4 Qf6 20. Qc4 Ne7 21. Na5 Ng6 22. fxe5 dxe5 23. Kh1 Nf4 24. Bxb7 Bxb7 25. Nxb7 Qg7 26. Qc6 e4 27. g3 Rxd1 28. Rxd1 Nd3 29. Rf1 e3 30. Qf3 e2 31. Qxe2 Qxb7+ 32. Kg1 Qb6+ 33. Kg2 Qc6+ 34. Kg1 Qc5+ 35. Kg2 Qd5+ 36. Kg1 Ne5 37. Rf4 Ng6 38. Rd4 Qf7 39. Qd2 f4 40. Rd7 Qf6 41. g4 Ne5 42. Rd3 Nxd3 43. Qxd3 f3 44. h3 Qf4 45. Kf1 Qc1+ 46. Kf2 Qxb2+ 47. Kg3 Qb8+ 48. Kh4 Qd8+ 0-1

[Event "Titled Tuesday intern op 09th Apr Early"]
[Site "Chess.com INT"]
[Date "2024.04.09"]
[Round "10"]
[White "Danielian, Vardan"]
[Black "Abrahams, Daniel"]
[Result "1-0"]
[WhiteElo "2230"]
[BlackElo "2166"]
[PlyCount "103"]
[EventDate "2024.04.09"]
[EventType "swiss (blitz)"]
[EventRounds "11"]
[EventCountry "USA"]
[SourceTitle "EXT 2025"]
[Source "ChessBase"]
[SourceDate "2024.10.14"]
[SourceVersion "1"]
[SourceVersionDate "2024.10.14"]
[SourceQuality "1"]

1. Nf3 e6 2. c4 d5 3. d4 Nf6 4. Nc3 Be7 5. Bg5 0-0 6. cxd5 Nxd5 7. h4 b6 8. e4 Nxc3 9. bxc3 Bb7 10. Bd3 h6 11. e5 c5 12. Bc2 f5 13. exf6 Bxf6 14. Qd3 Bxf3 15. Qh7+ Kf7 16. Bg6+ Ke7 17. Qxg7+ Kd6 18. Bf4+ Kc6 19. Qxh6 Bd5 20. c4 Bxc4 21. Be4+ Bd5 22. Bxd5+ exd5 23. Be5 Nd7 24. Rh3 Kb7 25. Kf1 Nxe5 26. dxe5 Bxe5 27. Re1 Qc7 28. Rhe3 Bd6 29. Qg5 Rad8 30. Qxd5+ Kb8 31. Qc4 Rf4 32. Qb5 Rxh4 33. g3 Rh1+ 34. Kg2 Qh7 35. Rxh1 Qb7+ 36. f3 a6 37. Qe2 Bc7 38. Rh7 Qc6 39. g4 Rg8 40. Re4 Kb7 41. Kf1 Rd8 42. Ree7 Rc8 43. Kg2 Qa4 44. Qe5 Qxa2+ 45. Kg3 Qg2+ 46. Kxg2 Ka8 47. Rxc7 Rxc7 48. Qd5+ Kb8 49. Rh8+ Rc8 50. Qd6+ Ka7 51. Rxc8 Kb7 52. Qb8# 1-0

[Event "Titled Tuesday intern op 09th Apr Early"]
[Site "Chess.com INT"]
[Date "2024.04.09"]
[Round "1"]
[White "Klukin, Kirill"]
[Black "Abrahams, Daniel"]
[Result "0-1"]
[WhiteElo "2413"]
[BlackElo "2166"]
[PlyCount "62"]
[EventDate "2024.04.09"]
[EventType "swiss (blitz)"]
[EventRounds "11"]
[EventCountry "USA"]
[SourceTitle "EXT 2025"]
[Source "ChessBase"]
[SourceDate "2024.10.14"]
[SourceVersion "1"]
[SourceVersionDate "2024.10.14"]
[SourceQuality "1"]

1. c4 e6 2. Nc3 d5 3. d4 Nf6 4. Bg5 Be7 5. e3 h6 6. Bh4 0-0 7. Bd3 b6 8. cxd5 Nxd5 9. Bxe7 Qxe7 10. Nxd5 exd5 11. Ne2 c5 12. dxc5 bxc5 13. 0-0 Be6 14. Rc1 Rc8 15. Qa4 a5 16. Bb5 Nd7 17. Nf4 Nb6 18. Qa3 a4 19. Rfd1 Qc7 20. Be2 Rab8 21. h3 Qe5 22. Nd3 Qg5 23. Rxc5 Bxh3 24. Nf4 Be6 25. Rxc8+ Rxc8 26. Qb4 Nc4 27. b3 axb3 28. axb3 Ne5 29. Nxe6 fxe6 30. f4 Qh4 31. Qe7 Qxe7 0-1

[Event "Titled Tuesday intern op 09th Apr Early"]
[Site "Chess.com INT"]
[Date "2024.04.09"]
[Round "6"]
[White "Matveeva, Olga"]
[Black "Abrahams, Daniel"]
[Result "0-1"]
[WhiteElo "2156"]
[BlackElo "2166"]
[PlyCount "74"]
[EventDate "2024.04.09"]
[EventType "swiss (blitz)"]
[EventRounds "11"]
[EventCountry "USA"]
[SourceTitle "EXT 2025"]
[Source "ChessBase"]
[SourceDate "2024.10.14"]
[SourceVersion "1"]
[SourceVersionDate "2024.10.14"]
[SourceQuality "1"]

1. d4 Nf6 2. c4 e6 3. g3 Bb4+ 4. Bd2 a5 5. Bg2 d6 6. e4 e5 7. Ne2 Nbd7 8. Nbc3 exd4 9. Nxd4 0-0 10. 0-0 Re8 11. Re1 Nc5 12. Qc2 a4 13. Rad1 h6 14. h3 c6 15. Kh2 Qc7 16. Nf5 Bxf5 17. exf5 Rxe1 18. Rxe1 Qb6 19. Bf4 Ncd7 20. Rd1 Bxc3 21. Qxc3 Qxf2 22. Bxd6 a3 23. Bxa3 Re8 24. Qf3 Qc2 25. Qd3 Qf2 26. Rd2 Qe1 27. Bb4 Re3 28. Qd6 Ne5 29. Qf8+ Kh7 30. Rd8 Qxg3+ 31. Kh1 Re1+ 32. Bxe1 Qxe1+ 33. Kh2 Neg4+ 34. hxg4 Nxg4+ 35. Kh3 Nf2+ 36. Kh2 Ng4+ 37. Kh3 Nf2+ 0-1

[Event "Titled Tuesday intern op 09th Apr Early"]
[Site "Chess.com INT"]
[Date "2024.04.09"]
[Round "9"]
[White "Shishkov, Andrei"]
[Black "Abrahams, Daniel"]
[Result "0-1"]
[WhiteElo "2340"]
[BlackElo "2166"]
[PlyCount "84"]
[EventDate "2024.04.09"]
[EventType "swiss (blitz)"]
[EventRounds "11"]
[EventCountry "USA"]
[SourceTitle "EXT 2025"]
[Source "ChessBase"]
[SourceDate "2024.10.14"]
[SourceVersion "1"]
[SourceVersionDate "2024.10.14"]
[SourceQuality "1"]

1. d4 Nf6 2. c4 e6 3. Nc3 d5 4. cxd5 exd5 5. Bg5 c6 6. e3 Be7 7. Bd3 Nbd7 8. Nge2 Nh5 9. Bxe7 Qxe7 10. 0-0 Ndf6 11. Qd2 0-0 12. Rae1 Re8 13. Nf4 Bd7 14. Nxh5 Nxh5 15. e4 dxe4 16. Bxe4 Qh4 17. g3 Qf6 18. Bg2 Be6 19. d5 cxd5 20. Nxd5 Bxd5 21. Qxd5 g6 22. Qxb7 Reb8 23. Qe7 Qxb2 24. Bxa8 Rxa8 25. Qe2 Qb6 26. Rb1 Qa5 27. Rb5 Qa4 28. Rfb1 Rf8 29. R1b4 Qa3 30. Rb3 Qc1+ 31. Kg2 Ng7 32. Rb7 a5 33. Re3 Nf5 34. Reb3 Nd4 35. Qe3 Qc6+ 36. Kh3 Nxb3 37. Qxb3 a4 38. Qb5 Qe6+ 39. Kg2 Qxa2 40. Ra7 a3 41. Qc5 Qe6 42. Rxa3 Rc8 0-1